BIBLIOTHÈQUE DE LA MAISON DU MEXIQUE

Logo 1 Logo 2

Conceptos morales (notice nᵒ 759)

détails MARC
000 -Sello discográfico
campo de control de longitud fija 01036nam a2200337 4500
005 - Identificación de versión
campo de control 20251016082416.0
010 ## - Número Estándar Internacional de Libros (ISBN)
Número (ISBN) 978-607-16-2170-2
099 ## - fechas locales
Tipo de ítem Koha LIBRO
100 ## - Datos de procesamiento general
Datos de procesamiento general 19960709d20141985m y1spay5003 ba
101 ## - Idioma del recurso
Idioma del texto, banda sonora, etc. Español; Castellano
Idioma de la obra original Inglés
105 ## - Campo de datos codificados: Material textual, monográfico
Datos codificados de monografía y 001zy
200 1# - Título y mención de responsabilidad
Título propio Conceptos morales
Designación general del material texto impreso
Primer mención de responsabilidad compilación Joel Feinberg
Declaración de responsabilidad subsiguiente traducción José Andrés Pérez Carballo
205 ## - Declaración de edición
Declaración de edición 2a ed
210 ## - Publicación, distribución, etc.
Lugar de publicación, distribución, etc. México
Nombre del editor, distribuidor, etc. Fondo de Cultura Económica
Fecha de publicación, distribución, etc. 2014
215 ## - Descripción física
Designación de material específico y extensión del ítem 295 p
Dimensiones 14 cm
300 ## - Notas generales
Texto de la nota Incluye bibliografía
345 ## - Nota de información de adquisición
Fuente de adquisición/dirección de la suscripción [OBSOLETO] Donación
410 #1 - Series
Título Breviarios del Fondo de Cultura Económica
Número de volumen 396
454 #1 - Traducción de
Título Moral Concepts
606 ## - Término temático usado como materia
Elemento de entrada Etica
Subdivisión temática Alocuciones, ensayos y conferencias
Número Koha 2076
660 ## - Código de área geográfica
Código MX
702 ## - Nombre personal - Responsabilidad secundaria
Elemento de entrada Feinberg
Parte del nombre distinta del elemento de entrada Joel
Fechas 1926-2004
Número Koha 2077
702 ## - Nombre personal - Responsabilidad secundaria
Elemento de entrada Pérez Carballo
Parte del nombre distinta del elemento de entrada José Andrés
Número Koha 2078
801 #0 - Fuente de origen
Agencia cm
900 ## -
-- 1/12363
900 ## -
-- 710961855\\090796
942 ## - ELEMENTOS DE ENTRADA SECUNDARIOS (KOHA)
Tipo de ítem Koha Livre
996 ## -
-- MEX
-- 751145101
-- MMAG
-- 004776
-- 082.1 B846 V.396
-- 20210510LIV
Exemplaires
Estatus retirado Estado de daño Estado de pérdida Fecha de adquisición Biblioteca de origen Biblioteca actual Ubicación en estantería Código de barras Precio de reemplazo Signatura topográfica completa No para préstamo Tipo de ítem Koha Nota pública Nota no pública
      05/08/2025 Casa México Paris Casa México Paris   004776 05/08/2025 082.1 B846 V.396   Livre 20210510LIV 751145101